Music Quiz

Random Music or Decade Quiz

Complete the '60s Song... With a Picture Quiz Stats

 Plays Quiz Updated Oct 14, 2019

Score 0/20 Timer 05:00
65 Plays Today
% Correct
These BOOTS Are
Made for Walkin'
98.2%
Ain't No MOUNTAIN
High Enough
97.9%
(Sittin' On) The
DOCK of the Bay
96.5%
PAINT It Black
95.3%
RING of Fire
94%
I Got You BABE
93.2%
Jumpin' Jack FLASH
93.1%
Hey JUDE
91.9%
MONSTER Mash
91.3%
Please Mr. POSTMAN
91%
% Correct
The Sound of SILENCE
90.8%
All Along the
WATCHTOWER
89.3%
Build Me Up
BUTTERCUP
88.3%
Get Off of My CLOUD
87.4%
Do Wah DIDDY DIDDY
87.3%
Mr. TAMBOURINE Man
80.5%
Ballad of the Green
BERETS
80%
Wichita LINEMAN
78.5%
Incense and
PEPPERMINTS
75.3%
Kick Out the JAMS
73.7%

You're not logged in!

Compare scores with friends on all Sporcle quizzes.
OR
Log In

Sporcle TV

Today on Sporcle TV


Watch our educational content, quiz creation guides, and fun videos on Sporcle TV.

Show Comments

Extras

Top Quizzes Today


Score Distribution

Your Account Isn't Verified!

In order to create a playlist on Sporcle, you need to verify the email address you used during registration. Go to your Sporcle Settings to finish the process.

Report this User

Report this user for behavior that violates our Community Guidelines.

Details: